| 000 | 00497nam a2200157 4500 | ||
|---|---|---|---|
| 001 | 131179 | ||
| 003 | ES-MaACL | ||
| 005 | 20230906193929.0 | ||
| 007 | t| | ||
| 008 | 070214s1908 fr r ||||1| fre d | ||
| 100 | 1 |
_aRobin, Léon. _997872 |
|
| 245 | 1 | 3 |
_aLa théorie platonicienne des idées et des nombres d'après Aristote _b: etude historique et critique / _cpar Léon Robin. |
| 260 |
_aParis : _bFélix Alcan, _c1908. |
||
| 300 |
_aXVII, 702 p. ; _c23 x 14 cm. |
||
| 852 |
_aES-MaACL _jF-11121 |
||
| 999 |
_c131179 _d131179 |
||